Statistics for 01a-北海道・道南の市町村クイズ

Click here to take the quiz!

General Stats

  • This quiz has been taken 344 times
    (153 since last reset)
  • The average score is 14 of 18

Answers on the Map

Answers color-coded by a green-red scale on the quiz's map according to % correct below.
 

Answer Stats

Answer% Correct
函館はこだて
97%
奥尻おくしりちょう
89%
長万部おしゃまんべちょう
89%
松前まつまえちょう
85%
北斗ほくと
84%
八雲やくもちょう
82%
もりまち
81%
七飯ななえちょう
80%
せたなちょう
77%
木古内きこないちょう
75%
福島ふくしまちょう
73%
鹿部しかべちょう
71%
知内しりうちちょう
71%
今金いまかねちょう
70%
上ノ国かみのくにちょう
67%
江差えさしちょう
65%
乙部おとべちょう
61%
厚沢部あっさぶちょう
53%

Score Distribution

Percentile by Number Answered

Percent of People with Each Score

Your Score History

You have not taken this quiz since the last reset